000 00508nam a22001937a 4500
003 KOHA_MİRAKIL
005 20251218111733.0
008 251218b tu ||||| |||| 00| 0 tur d
020 _a9786059912853
040 _aTR-AnABB
_btur
_cTR-AnABB
041 _atur
082 _a016.398
_bTUR 2015
100 1 _aTuran, Ahmet,
245 1 0 _aKalafatça /
_cAhmet Turan
260 _aAnkara :
_bBerikan Yayınevi,
_c2015
300 _a181 sayfa ;
_c24 cm
650 0 4 _aHalk bilimi
942 _2ddc
_cBK
999 _c9770
_d9770
900 _bGizem YORULMAZ